Once Upon A Time Characters - Statistics

General Stats
  • This quiz has been taken 1,592 times
  • The average score is 4 of 12
Answer Stats
Hint Answer % Correct
The Saviours son Henry
98%
The Saviour Emma Swan
95%
She's wolf and a girl Red Riding Hood
65%
The person who conjured the curse Evil Queen
47%
The Prince who always find his beloved Prince Charming
44%
The wolfs keeper Granny
34%
Sneaky warlock Rumplestilskin
31%
Dwarf who was forbidden to love Grumpy
21%
Sneaky warlocks true love Belle
10%
The Saviours sons father Baelfire
2%
Nun who the Dwarfe loves in Storybrooke Mother Superior
1%
Fairest of them all Snow White
1%
No matching quizzes found
Score Distribution
Percent of People with Each Score
Percentile by Number Answered
Your Score History
You have not taken this quiz